Eye Essentials/ (Record no. 9519)
[ view plain ]
| 000 -LEADER | |
|---|---|
| fixed length control field | 00483nam a22001817a 4500 |
| 003 - CONTROL NUMBER IDENTIFIER | |
| control field | OSt |
| 005 - DATE AND TIME OF LATEST TRANSACTION | |
| control field | 20250906020003.0 |
| 008 - FIXED-LENGTH DATA ELEMENTS--GENERAL INFORMATION | |
| fixed length control field | 250905b |||||||| |||| 00| 0 eng d |
| 020 ## - INTERNATIONAL STANDARD BOOK NUMBER | |
| International Standard Book Number | 9780080449777 |
| 040 ## - CATALOGING SOURCE | |
| Original cataloging agency | MUST |
| Transcribing agency | DDC |
| 082 ## - DEWEY DECIMAL CLASSIFICATION NUMBER | |
| Classification number | WW 260 M295E 2008 |
| 100 ## - MAIN ENTRY--PERSONAL NAME | |
| Personal name | Malhotra Raman |
| 9 (RLIN) | 19376 |
| 245 ## - TITLE STATEMENT | |
| Title | Eye Essentials/ |
| Remainder of title | Cataract |
| 300 ## - PHYSICAL DESCRIPTION | |
| Extent | xii,240p.: |
| Other physical details | col,ill; |
| Dimensions | 18.5cm |
| 504 ## - BIBLIOGRAPHY, ETC. NOTE | |
| Bibliography, etc | Includes appendix and index |
| 650 ## - SUBJECT ADDED ENTRY--TOPICAL TERM | |
| Topical term or geographic name as entry element | Health Sciences |
| 9 (RLIN) | 5740 |
| 942 ## - ADDED ENTRY ELEMENTS (KOHA) | |
| Source of classification or shelving scheme | Library of Congress Classification |
| Koha item type | Open Shelf |
| Koha issues (borrowed), all copies | 1 |
| Withdrawn status | Lost status | Source of classification or shelving scheme | Damaged status | Not for loan | Home library | Current library | Date acquired | Source of acquisition | Inventory number | Total Checkouts | Full call number | Barcode | Date last seen | Date last checked out | Price effective from | Koha item type |
|---|---|---|---|---|---|---|---|---|---|---|---|---|---|---|---|---|
| Library of Congress Classification | MUST Main Library | MUST Main Library | 05/09/2025 | Donation | 12/35992 | 1 | WW 260 M295E 2008 | 2025-0031 | 09/09/2025 | 05/09/2025 | 05/09/2025 | Open Shelf |
